Football Top 10: Penalty Categories - Statistics

General Stats
  • This quiz has been taken 24 times
  • The average score is 16 of 40
Answer Stats
Hint Answer # % Correct
Scored Cristiano Ronaldo 168
100%
Converted Cristiano Ronaldo 85%
100%
Missed Cristiano Ronaldo 35
100%
Scored Lionel Messi 111
100%
Missed Lionel Messi 32
100%
Converted Harry Kane 89%
70%
Saved Manuel Neuer 25
70%
Scored Robert Lewandowski 83
70%
Converted Robert Lewandowski 90%
70%
Saved Gianluigi Buffon 30
65%
Saved Iker Casillas 23
57%
Converted Erling Haaland 88%
52%
Scored Zlatan Ibrahimovic 87
52%
Missed Zlatan Ibrahimovic 17
52%
Scored Francesco Totti 86
48%
Missed Francesco Totti 18
48%
Missed Neymar 22
48%
Scored Alessandro Del Piero 77
43%
Saved Petr Cech 21
43%
Scored Ronaldinho 70
43%
Missed Ronaldinho 16
43%
Missed Sergio Aguero 14
43%
Scored Alan Shearer 73
30%
Converted Alan Shearer 92%
30%
Scored Roberto Baggio 101
30%
Missed Edinson Cavani 16
26%
Converted Bruno Fernandes 91%
22%
Converted Marco Van Basten 93%
22%
Scored Ronald Koeman 113
17%
Converted Mario Balotelli 91%
13%
Saved Samir Handanovic 38
13%
Missed Antonio Di Natale 14
9%
Missed Ciro Immobile 19
9%
Converted Rogerio Ceni 90%
9%
Saved Andrea Consigli 25
0%
Saved Benoit Costil 20
0%
Saved Diego Alves 28
0%
Saved Frank Rost 20
0%
Saved Mickael Landreau 21
0%
Converted Ricky Lambert 94%
0%
No matching quizzes found
Score Distribution
Percent of People with Each Score
Percentile by Number Answered
Your Score History
You have not taken this quiz